000 01223nam a2200229Ia 4500
001 L230-6018
003 IT-CnALBA
008 170116s9999||||xx |||||||||||||| ||und||
040 _aIT-CnALBA
_cIT-CnALBA
041 _aITALIANO
100 _aCROCE WALTER
245 0 _aLA PARROCCHIA. DALLA TEOLOGIA ALLA PRASSI.
250 _a1a ed.
260 _aCINISELLO BALSAMO (MI)
_bEDIZIONI PAOLINE
_c1963 [1° Ed.:1963 - Ed.Ling.Originale: 1956]
300 _a222 p. (prefazione: 78)
500 _aCURATORE RAHNER UGO. COAUTORI: RAHNER KARL, KAHLEFELD H. JUNGMANN J. A. GUTZWILLER R., ZANGERLE I., SCHASCHING J. HOMEYER J. TESTI PONTIFICI SULLA PARROCCHIA. STORIA DELLA PARROCCHIA. COMUNITÀ SECONDO IL NUOVO TESTAMENTO. PARROCCHIA MISSIONARIA. PARROCCHI
501 _aSocietà San Paolo EM - Piazza San Paolo, 14 - 12051 ALBA (CN) (non commercial uses only) ® Copyright 2017
520 _aCURATORE RAHNER UGO. COAUTORI: RAHNER KARL, KAHLEFELD H. JUNGMANN J. A. GUTZWILLER R., ZANGERLE I., SCHASCHING J. HOMEYER J. TESTI PONTIFICI SULLA PARROCCHIA. STORIA DELLA PARROCCHIA. COMUNITÀ SECONDO IL NUOVO TESTAMENTO. PARROCCHIA MISSIONARIA. PARROCCHI
650 _aDOGMATICA CRISTIANA
942 _cBK
957 _71
999 _a6994
_bNO
_g Copie: 1
_c265200
_d265200